Estatísticas para Físico-química 3

Clique aqui para jogar o quiz

Estatísticas Gerais

  • Esse quiz foi jogado 26 vezes
  • A pontuação média é 6 de 12

Estatísticas das Respostas

HintResposta% Correto
Que mudança se dá quando passamos gasoso → líquido?Condensação
88%
Que mudança se dá quando passamos sólido → gasoso ou gasoso → líquido?Sublimação
88%
Que mudança se dá quando passamos líquido → sólido?Solidificação
84%
Que nome damos á quantidade de massa por uma determinada unidade de volume?Densidade
68%
Que mudança se dá quando passamos do sólido → líquido?Fusão
68%
Que nome damos a um conjunto de transformações que permitem a circulação da água na natureza?Ciclo da água
56%
Que nome damos ás transformações em que se formam novas substâncias?Transformações químicas
40%
Que nome damos ás transformações em que não se formam novas substâncias?Transformações físicas
36%
O que ocorre quando duas ou mais substâncias originam um só produto de reação?Síntese
20%
Qual é o ramo da química que trata da identificação e doseamento de substâncias presentes num certo material?Química analítica
16%
Que nome damos a reações químicas em que uma só substância se transforma noutras menos complexas?Decomposições
8%
Que mudança se dá quando passamos do líquido → gasoso?Valorização
4%

Distribuição das Pontuações

Percentil de Números Respondidos

Porcentagem de Pessoas com Cada Pontuação

Sua Pontuação Histórica

Você não jogou esse quiz